[Event "Sarajevo Agentlocator Cup op 2nd"]
[Site "Sarajevo"]
[Date "2021.12.26"]
[Round "7"]
[White "Mrndjic, Muamer"]
[Black "Haznadar, Nermin"]
[Result "1/2-1/2"]
[WhiteElo "2274"]
[BlackElo "1859"]
[PlyCount "129"]
[EventDate "2021.12.23"]
[EventType "tourn"]
[EventRounds "9"]
[EventCountry "BIH"]
[SourceTitle "CBM 206 Extra"]
[Source "ChessBase"]
[SourceDate "2022.03.31"]
[SourceVersion "1"]
[SourceVersionDate "2022.03.31"]
[SourceQuality "1"]

1. e4 c6 2. d4 d5 3. Nd2 dxe4 4. Nxe4 Bf5 5. Ng3 Bg6 6. h4 h6 7. h5 Bh7 8. Nf3 Nd7 9. Bd3 Bxd3 10. Qxd3 e6 11. Bf4 Qa5+ 12. c3 Ngf6 13. a4 Nd5 14. Bd2 Qc7 15. 0-0 Be7 16. Rfe1 0-0 17. a5 Rfe8 18. b4 Bd6 19. Ne4 N5f6 20. Nxd6 Qxd6 21. Qe2 Nxh5 22. Ne5 Nhf6 23. Bf4 Qe7 24. a6 Nxe5 25. axb7 Qxb7 26. dxe5 Nd5 27. Bd2 Red8 28. Ra3 Qd7 29. c4 Ne7 30. Be3 Qb7 31. Bc5 Nf5 32. Rea1 a6 33. Qa2 Qc7 34. Qe2 Qb7 35. g4 Nh4 36. f4 Ng6 37. f5 Ne7 38. f6 Ng6 39. Rf3 Qc7 40. Re1 a5 41. bxa5 Rxa5 42. Bd6 Qa7+ 43. Qf2 Qxf2+ 44. Rxf2 Ra4 45. Rc1 gxf6 46. Rxf6 Kg7 47. Rf2 Rd7 48. Kg2 Rda7 49. Rcc2 R7a5 50. Bc7 Rc5 51. Bd8 Rcxc4 52. Bf6+ Kh7 53. g5 hxg5 54. Rxc4 Rxc4 55. Kg3 Nh4 56. Bxg5 Nf5+ 57. Kf3 Rc3+ 58. Ke4 c5 59. Bf6 Kg6 60. Rg2+ Rg3 61. Ra2 Rg4+ 62. Kf3 Rb4 63. Rg2+ Kh7 64. Rh2+ Kg6 65. Rg2+ 1/2-1/2

[Event "Sarajevo Agentlocator Cup op 2nd"]
[Site "Sarajevo"]
[Date "2021.12.25"]
[Round "4"]
[White "Haznadar, Nermin"]
[Black "Muratovic, Efim"]
[Result "1/2-1/2"]
[WhiteElo "1859"]
[BlackElo "2327"]
[PlyCount "104"]
[EventDate "2021.12.23"]
[EventType "tourn"]
[EventRounds "9"]
[EventCountry "BIH"]
[SourceTitle "CBM 206 Extra"]
[Source "ChessBase"]
[SourceDate "2022.03.31"]
[SourceVersion "1"]
[SourceVersionDate "2022.03.31"]
[SourceQuality "1"]

1. d4 Nf6 2. c4 g6 3. Nc3 d5 4. cxd5 Nxd5 5. Bd2 Bg7 6. e4 Nb6 7. Be3 0-0 8. h3 Nc6 9. Nf3 f5 10. exf5 Bxf5 11. Be2 e5 12. Qb3+ Kh8 13. dxe5 Nxe5 14. 0-0 c6 15. Rad1 Qc7 16. Nd4 Rae8 17. Nxf5 Rxf5 18. Rd2 Qf7 19. Qxf7 Rxf7 20. Bxb6 axb6 21. Rfd1 Bf8 22. Rd8 Rxd8 23. Rxd8 Kg7 24. Bf1 Be7 25. Rb8 Bc5 26. Ne4 Bd4 27. g3 Nf3+ 28. Kh1 Re7 29. Nd6 Be5 30. Rd8 Nd2 31. Nf5+ gxf5 32. Rxd2 c5 33. b3 Bd4 34. Kg2 Kf6 35. Bc4 Re1 36. Re2 Rxe2 37. Bxe2 Ke5 38. Bf3 b5 39. Bxb7 b4 40. f4+ Kf6 41. Kf3 h6 42. g4 Bc3 43. Bc8 fxg4+ 44. hxg4 Bd4 45. Ke4 Bf2 46. Kf3 Bd4 47. Bb7 Bc3 48. Be4 Bd4 49. Bd3 Bg1 50. Kg3 Be3 51. Kf3 Bg1 52. Ke4 Bf2 1/2-1/2

[Event "Sarajevo-ch"]
[Site "Sarajevo"]
[Date "2021.06.05"]
[Round "9"]
[White "Haznadar, Nermin"]
[Black "Drino, Faris"]
[Result "1/2-1/2"]
[WhiteElo "1851"]
[BlackElo "1828"]
[PlyCount "53"]
[EventDate "2021.05.30"]
[EventType "tourn"]
[EventRounds "9"]
[EventCountry "BIH"]
[SourceTitle "CBM 202 Extra"]
[Source "ChessBase"]
[SourceDate "2021.07.31"]
[SourceVersion "1"]
[SourceVersionDate "2021.07.31"]
[SourceQuality "1"]

1. d4 d6 2. c4 e5 3. dxe5 dxe5 4. Qxd8+ Kxd8 5. Nf3 f6 6. Nc3 c6 7. a3 Be6 8. e4 Kc7 9. Be3 Nd7 10. Nd2 a5 11. Be2 Bc5 12. Bxc5 Nxc5 13. 0-0 a4 14. Rad1 Nh6 15. Rc1 Nf7 16. Nd5+ Kb8 17. Ne3 Rd8 18. Rfd1 Ka7 19. f3 Rd7 20. Bf1 Rad8 21. Nb1 Rd4 22. Nc3 Kb6 23. Nc2 Rxd1 24. Rxd1 Rxd1 25. Nxd1 Nd6 26. Nce3 Ka5 27. Kf2 1/2-1/2

[Event "Sarajevo-ch"]
[Site "Sarajevo"]
[Date "2021.06.01"]
[Round "4"]
[White "Halilovic, Fahrudin"]
[Black "Haznadar, Nermin"]
[Result "0-1"]
[WhiteElo "2048"]
[BlackElo "1851"]
[PlyCount "86"]
[EventDate "2021.05.30"]
[EventType "tourn"]
[EventRounds "9"]
[EventCountry "BIH"]
[SourceTitle "CBM 202 Extra"]
[Source "ChessBase"]
[SourceDate "2021.07.31"]
[SourceVersion "1"]
[SourceVersionDate "2021.07.31"]
[SourceQuality "1"]

1. e4 c6 2. d4 d5 3. f3 g6 4. Nc3 Bg7 5. Be3 Nf6 6. e5 Ng8 7. Qd2 h5 8. h3 Bf5 9. g3 Nd7 10. Qg2 Qb6 11. Nd1 0-0-0 12. Rh2 f6 13. g4 Be6 14. Ne2 g5 15. a4 Qc7 16. exf6 Bxf6 17. Rh1 Nh6 18. h4 Nf7 19. hxg5 Nxg5 20. gxh5 Rdg8 21. Qf2 Bf5 22. c3 e5 23. Ng3 exd4 24. Nxf5 dxe3 25. Ndxe3 Ne5 26. f4 Ne4 27. Qe2 Nd7 28. Qf3 Nxc3 29. Rc1 Ne4 30. b4 Re8 31. Kd1 Nb6 32. a5 Na4 33. Nxd5 Qd7 34. Nfe3 Nac3+ 35. Rxc3 Nxc3+ 36. Kc2 Nxd5 37. Bh3 Nxe3+ 38. Kb1 Nf5 39. Rd1 Qe6 40. a6 Kc7 41. Bg2 Qe2 42. Qb3 Nd4 43. Qf7+ Re7 0-1

[Event "Sarajevo-ch"]
[Site "Sarajevo"]
[Date "2021.05.31"]
[Round "3"]
[White "Haznadar, Nermin"]
[Black "Sitnic, Adnan"]
[Result "0-1"]
[WhiteElo "1851"]
[BlackElo "2219"]
[PlyCount "72"]
[EventDate "2021.05.30"]
[EventType "tourn"]
[EventRounds "9"]
[EventCountry "BIH"]
[SourceTitle "CBM 202 Extra"]
[Source "ChessBase"]
[SourceDate "2021.07.31"]
[SourceVersion "1"]
[SourceVersionDate "2021.07.31"]
[SourceQuality "1"]

1. d4 Nf6 2. c4 e6 3. Nc3 Bb4 4. e3 0-0 5. Nge2 Re8 6. a3 Bf8 7. Nf4 b6 8. Be2 d5 9. Bf3 c6 10. b3 Ba6 11. Be2 Bb7 12. 0-0 Nbd7 13. Bb2 Bd6 14. Nd3 dxc4 15. bxc4 e5 16. Re1 Qc7 17. h3 Rad8 18. Qb3 exd4 19. exd4 Nf8 20. Bf3 Ne6 21. Ne4 Nxe4 22. Bxe4 Be7 23. d5 Ng5 24. dxc6 Bxc6 25. Bxc6 Qxc6 26. Nb4 Qg6 27. Nd5 Bc5 28. Rad1 Rxe1+ 29. Rxe1 Ne4 30. Re2 Nxf2 31. Ne7+ Bxe7 32. Rxe7 Nd3 33. Qb5 h5 34. Re8+ Rxe8 35. Qxe8+ Kh7 36. Bd4 Nf4 0-1

[Event "Sarajevo-ch"]
[Site "Sarajevo"]
[Date "2021.05.30"]
[Round "1"]
[White "Haznadar, Nermin"]
[Black "Konjicanin, Muris"]
[Result "0-1"]
[WhiteElo "1851"]
[BlackElo "2202"]
[PlyCount "90"]
[EventDate "2021.05.30"]
[EventType "tourn"]
[EventRounds "9"]
[EventCountry "BIH"]
[SourceTitle "CBM 202 Extra"]
[Source "ChessBase"]
[SourceDate "2021.07.31"]
[SourceVersion "1"]
[SourceVersionDate "2021.07.31"]
[SourceQuality "1"]

1. d4 Nf6 2. c4 c5 3. d5 b5 4. cxb5 a6 5. bxa6 Bxa6 6. Nc3 d6 7. Nf3 g6 8. e4 Bxf1 9. Kxf1 Bg7 10. g3 0-0 11. Kg2 Qa5 12. Qe2 Ng4 13. Bd2 Qa6 14. Rhe1 Nd7 15. a4 Qxe2 16. Rxe2 Rfb8 17. Ra2 Rb3 18. Nd1 Nb6 19. a5 Nc4 20. Be1 Rd3 21. Nd2 Rxa5 22. Rxa5 Nxa5 23. f3 Ne5 24. Nf2 Rd4 25. Nb1 Ra4 26. Bc3 Nec4 27. f4 Ra1 28. Bxg7 Kxg7 29. Nc3 Nb3 30. Nd3 Nd4 31. Rf2 f5 32. e5 Ne3+ 33. Kh3 Ng4 34. Rd2 Nf3 35. Rd1 Ng1+ 36. Kh4 Nxh2 37. Ne1 Rxd1 38. Nxd1 Nhf3+ 39. Nxf3 Nxf3+ 40. Kh3 dxe5 41. fxe5 Nxe5 42. Nc3 Kf6 43. Na4 Nd3 44. Nb6 Ke5 45. b3 Nb4 0-1